000 00545nam a2200205Ia 4500
003 OSt
005 20220926040117.0
006 a|||||r|||| 00| 0
007 ta
008 220923b |||||||| |||| 00| 0 eng d
037 _cGeneral Book
040 _aRTL
_cRTL
_beng
041 _2eng
_aeng
082 _aX:576oj77, K2
100 _aAbs Hermann J at al
_9343164
245 0 _aEconomic Growth, Balance of Payments.
260 _c1962
942 _hX:576oj77, K2
_cGB
_2CC
999 _c663895
_d663895